01861cam a22004214i 4500003000900000005001700009008004100026035001900067035001900086040003300105082001800138100005200156245013500208264009200343300003900435336002100474337002500495338002300520490006400543500006400607505053300671526001001204526001001214526000901224526000901233526000901242526000901251526000901260526000901269526000901278526000801287526000801295526000801303526000801311526000801319650003501327710007701362PE-LiUPU20250731165551.0150625s r 000 0 d a(Sirsi) a34516 a(Sirsi) a34516 aPE-LiUPUbspacPE-LiUPUerda04a985.04bD2231 aValcárcel, Carlos Daniel,d1911-2007,eautor.13aLa universidad :bLibro XIV de claustros (1780-1790).nVolumen 1. /cestudio preliminar y edición por Carlos Daniel Valcárcel. 1aLima :bComisión Nacional del Sesquicentenario de la Independencia del Perú,c1971. a500 páginas ;c24 centímetros. atext2rdacontent aunmediated2rdamedia avolume2rdacarrier0 aColección Documental de la Independencia del Perú ;v19 a"Año del sesquicentenario de la Independencia del Perú" aLibros de posesiones de cátedras y actos académicos 1789-1826 -- Grados de bachilleres en cánones y leyes. Grados de abogados -- Libros de posesiones de cátedras, títulos de regentes, exámenes y actos académicos de la Real Universidad de San Marcos de Lima, años 1789-1826 -- Grados de bachilleres en cánones y leyes -- Grado de abogados -- Libro de matrículas de las facultades de sagrados cánones y de leyes de la Universidad de San Marcos de Lima. Años 1792-1805 -- Libro XIV de claustros (1780-1790). aSEG44 aSEG26 aP151 aP150 aP149 aP146 aP145 aP126 aP125 aP92 aP75 aP74 aP27 aP1504aUniversidadzPerúxHistoria. aComisión Nacional del Sesquicentenario de la Independencia del Perú.